Sports Quiz

Random Sports or Tennis Quiz
Score 0/41 Timer 20:00
0 Plays Today
Question Answer Wrong Answers
2019 Wimbledon SF (7-6, 1-6, 6-3, 6-4) Roger Federer
100%
Rafael Nadal
0%
2019 French Open SF (6-3, 6-4, 6-2) Rafael Nadal
97.9%
Roger Federer
0%
2006 French Open Final (1-6, 6-1, 6-4, 7-6) Rafael Nadal
97.8%
Roger Federer
0%
2006 Wimbledon Final (6-0, 7-6, 6-7, 6-3) Roger Federer
97.8%
Rafael Nadal
0%
2005 French Open SF (6-3, 4-6, 6-4, 6-3) Rafael Nadal
97.8%
Roger Federer
0%
2008 French Open Final (6-1, 6-3, 6-0) Rafael Nadal
97.8%
Roger Federer
0%
2007 French Open Final (6-3, 4-6, 6-3, 6-4) Rafael Nadal
97.8%
Roger Federer
0%
2008 Monte Carlo Masters Final (7-5, 7-5) Rafael Nadal
96.7%
Roger Federer
1.1%
2013 Rome Masters Final (6-1, 6-3) Rafael Nadal
96.7%
Roger Federer
1.1%
2011 French Open Final (7-5, 7-6, 5-7, 6-1) Rafael Nadal
96.7%
Roger Federer
1.1%
2015 Swiss Indoors Final (6-3, 5-7, 6-3) Roger Federer
95.6%
Rafael Nadal
2.2%
2006 ATP Finals SF (6-4, 7-5) Roger Federer
95.6%
Rafael Nadal
2.2%
2007 Monte Carlo Masters Final (6-4, 6-4) Rafael Nadal
95.6%
Roger Federer
2.2%
2011 Madrid Masters SF (5-7, 6-1, 6-3) Rafael Nadal
95.6%
Roger Federer
2.2%
2010 Madrid Masters Final (6-4, 7-6) Rafael Nadal
94.4%
Roger Federer
3.3%
2017 Indian Wells Masters R4 (6-2, 6-3) Roger Federer
94.4%
Rafael Nadal
3.3%
2006 Monte Carlo Masters Final (6-2, 6-7, 6-3, 7-6) Rafael Nadal
94.4%
Roger Federer
3.3%
2007 Wimbledon Final (7-6, 4-6, 7-6, 2-6, 6-2) Roger Federer
93.3%
Rafael Nadal
4.4%
2017 Australian Open Final (6-4, 3-6, 6-1, 3-6, 6-3) Roger Federer
93.3%
Rafael Nadal
4.4%
2008 Wimbledon Final (6-4, 6-4, 6-7, 6-7, 9-7) Rafael Nadal
93.3%
Roger Federer
4.4%
2007 ATP Finals SF (6-4, 6-1) Roger Federer
92.2%
Rafael Nadal
5.6%
2010 ATP Finals Final (6-3, 3-6, 6-1) Roger Federer
92.2%
Rafael Nadal
5.6%
2017 Miami Masters Final (6-3, 6-4) Roger Federer
92.2%
Rafael Nadal
5.6%
2009 Australian Open Final (7-5, 3-6, 7-6, 3-6, 6-2) Rafael Nadal
92.2%
Roger Federer
5.6%
2017 Shanghai Masters Final (6-4, 6-3) Roger Federer
91.1%
Rafael Nadal
6.7%
2006 Rome Masters Final (6-7, 7-6, 6-4, 2-6, 7-6) Rafael Nadal
91.1%
Roger Federer
6.7%
2019 Indian Wells Masters Semifinals (WALKOVER) Roger Federer
89.1%
Rafael Nadal
9.1%
2011 ATP Finals Round Robin (6-3, 6-0) Roger Federer
88.9%
Rafael Nadal
8.9%
2005 Miami Masters Final (2-6, 6-7, 7-6, 6-3, 6-1) Roger Federer
85.6%
Rafael Nadal
13.3%
2014 Australian Open SF (7-6, 6-3, 6-3) Rafael Nadal
83.3%
Roger Federer
14.4%
2012 Australian Open SF (6-7, 6-2, 7-6, 6-4) Rafael Nadal
83.3%
Roger Federer
14.4%
2008 Hamburg Masters Final (7-5, 6-7, 6-3) Rafael Nadal
83.3%
Roger Federer
14.4%
2007 Hamburg Masters Final (2-6, 6-2, 6-0) Roger Federer
78.9%
Rafael Nadal
18.9%
2004 Miami Masters R3 (6-3, 6-3) Rafael Nadal
77.8%
Roger Federer
21.1%
2013 Indian Wells Masters QF (6-4, 6-2) Rafael Nadal
71.1%
Roger Federer
26.7%
2012 Indian Wells Masters SF (6-3, 6-4) Roger Federer
66.7%
Rafael Nadal
31.1%
2011 Miami Masters SF (6-3, 6-2) Rafael Nadal
64.4%
Roger Federer
33.3%
2013 Cincinnati Masters QF (5-7, 6-4, 6-3) Rafael Nadal
55.6%
Roger Federer
42.2%
2009 Madrid Masters Final (6-4, 6-4) Roger Federer
54.4%
Rafael Nadal
43.3%
2013 ATP Finals SF (7-5, 6-3) Rafael Nadal
53.3%
Roger Federer
44.4%
2006 Dubai Tennis Championship Final (2-6, 6-4, 6-4) Rafael Nadal
52.2%
Roger Federer
45.6%
Remove Ads.
Support Sporcle.
Get the best of Sporcle when you Go Orange. This ad-free experience offers more features, more stats, and more fun while also helping to support Sporcle. Thank you for becoming a member.

You're not logged in!

Compare scores with friends on all Sporcle quizzes.
OR
Log In

Show Comments

Extras

Top Quizzes Today


Score Distribution

Your Account Isn't Verified!

In order to create a playlist on Sporcle, you need to verify the email address you used during registration. Go to your Sporcle Settings to finish the process.

Report this User

Report this user for behavior that violates our Community Guidelines.

Details: